संस्कार कथा (Record no. 370170)

MARC details
000 -LEADER
fixed length control field 03213 a2200169 4500
003 - CONTROL NUMBER IDENTIFIER
control field OSt
005 - DATE AND TIME OF LATEST TRANSACTION
control field 20260204123025.0
008 - FIXED-LENGTH DATA ELEMENTS--GENERAL INFORMATION
fixed length control field 260204b |||||||| |||| 00| 0 eng d
020 ## - INTERNATIONAL STANDARD BOOK NUMBER
International Standard Book Number 9789395664486
100 ## - MAIN ENTRY--PERSONAL NAME
Personal name कुंटे एस.
9 (RLIN) 216594
245 ## - TITLE STATEMENT
Title संस्कार कथा
260 ## - PUBLICATION, DISTRIBUTION, ETC. (IMPRINT)
Name of publisher, distributor, etc. भारतीय विचार साधना प्रकाशन
Date of publication, distribution, etc. 2024
Place of publication, distribution, etc. पुणे
300 ## - PHYSICAL DESCRIPTION
Extent 216PP.
500 ## - GENERAL NOTE
Keywords व्यक्तिमत्त्व विकास: नैतिक मूल्ये रुजवून उत्तम नागरिक घडवण्यास मदत करतात.<br/>मानसिक जडणघडण: संकटांशी लढण्याची चिकाटी आणि योग्य निर्णय घेण्याची क्षमता निर्माण करतात.<br/>संस्कृतीचे ज्ञान: भारतीय परंपरा आणि सुसंस्कृतपणा शिकवतात.<br/>ज्ञानात भर: मराठी वाचनाची आवड निर्माण करतात.
520 ## - SUMMARY, ETC.
Summary, etc. मराठी संस्कार कथा मुलांमध्ये नैतिक मूल्ये, चांगली संस्कृती, शिष्टाचार आणि प्रामाणिकपणा रुजवण्यासाठी अत्यंत उपयुक्त आहेत. या कथांमधून त्याग, प्रेम, संयम, चिकाटी आणि आदर यांसारखे गुण शिकायला मिळतात. "श्यामची आई" किंवा गोष्टींच्या रूपातील बोधकथा, बाळू आणि आजी सारख्या कथा, लहान वयात योग्य दिशा देण्यास मदत करतात. <br/>YouTube<br/> +3<br/>मराठीतील काही निवडक संस्कार कथा प्रकार:<br/>बोधकथा: लहान मुलांसाठी प्राण्यांच्या किंवा काल्पनिक पात्रांच्या गोष्टी ज्यातून चांगला बोध मिळतो.<br/>ऐतिहासिक गोष्टी: छत्रपती शिवाजी महाराज, संभाजी महाराज, अहिल्याबाई होळकर यांच्या गोष्टी, ज्यातून शौर्य आणि नीतिनियम शिकता येतात.<br/>कौटुंबिक कथा: आजी-आजोबांच्या गोष्टी, 'श्यामची आई' मधील प्रसंगांतून मिळणारी शिकवण.<br/>नैतिक मूल्यांच्या कथा: प्रामाणिकपणा, मदत करण्याची वृत्ती, मोठ्यांचा आदर करणे या विषयांवर आधारित कथा.
942 ## - ADDED ENTRY ELEMENTS (KOHA)
Koha item type Books
Source of classification or shelving scheme Dewey Decimal Classification
Holdings
Withdrawn status Lost status Source of classification or shelving scheme Damaged status Not for loan Collection code Home library Current library Date acquired Vendor Cost, normal purchase price Total Checkouts Barcode Date last seen Cost, replacement price Bill Date Koha item type Original Barcode
    Dewey Decimal Classification     MCA MKSSS s K.B. Joshi Institute of Information Technology Library MKSSS s K.B. Joshi Institute of Information Technology Library 02/02/2026 188 140.00   KBJP-BK-2988 02/02/2026 200.00 02/02/2026 Books 2988